| 000 | 00720nam a2200241Ia 4500 | ||
|---|---|---|---|
| 003 | GCL | ||
| 008 | 140319s9999 xx 000 0 ara d | ||
| 040 |
_aGCL / _cGCL |
||
| 082 | 0 | 4 |
_a33.15 _bم م |
| 100 | 1 | _aمحمد مروان السمان | |
| 245 | 1 | 0 |
_aمبادىء التحليل الاقتصادى / _cمحمد مروان السمان |
| 700 | 1 | _aمحمد ظافر محبك | |
| 700 | 1 | _aاحمد زهير شامية | |
| 260 |
_a[S.N] : _bمكتبة دار الثقافة ، _c1992 |
||
| 300 | _a288 | ||
| 490 | _a | ||
| 650 | 0 | 4 | _aالاقتصاد |
| 650 | 0 | 4 | _aالتجارة |
| 650 | 0 | 4 | _aالنقود |
| 650 | 0 | 4 | _aالمذاهب الاقتصادية |
| 650 | 0 | 4 | _aالدخل |
| 942 |
_2ddc _cBK |
||
| 999 |
_c30662 _d30662 |
||